[Event "ITA-ch U20"]
[Site "Tarvisio"]
[Date "2023.07.06"]
[Round "5"]
[White "Agolzer, Luca"]
[Black "Villa, Simone"]
[Result "1-0"]
[WhiteElo "1899"]
[BlackElo "1564"]
[PlyCount "111"]
[EventDate "2023.07.02"]
[EventType "swiss"]
[EventRounds "9"]
[EventCountry "ITA"]
[SourceTitle "EXT 2024"]
[Source "ChessBase"]
[SourceDate "2023.10.10"]
[SourceVersion "1"]
[SourceVersionDate "2023.10.10"]
[SourceQuality "1"]

1. e4 c5 2. Nf3 d6 3. d4 cxd4 4. Nxd4 Nf6 5. Nc3 a6 6. Be3 e5 7. Nb3 Be6 8. f3 Be7 9. Qd2 0-0 10. 0-0-0 Nbd7 11. g4 b5 12. h4 b4 13. Nd5 Bxd5 14. exd5 Nb6 15. Bxb6 Qxb6 16. h5 a5 17. Kb1 a4 18. Nc1 Nd7 19. g5 Nc5 20. Bh3 b3 21. cxb3 axb3 22. a3 Ra4 23. g6 Rf4 24. h6 fxg6 25. hxg7 Kxg7 26. Qh2 Rh4 27. Qg3 Rhf4 28. Bg4 h6 29. Rdg1 Bg5 30. Qh2 Qd8 31. Ne2 R4f7 32. Ng3 Rh8 33. Qe2 Qe7 34. Rg2 Qb7 35. Rd1 Qa6 36. Qxa6 Nxa6 37. Ne4 Rd8 38. Rd3 Nc5 39. Nxc5 dxc5 40. Be6 Rb7 41. d6 Rb6 42. Bxb3 Rbxd6 43. Rc3 Rd3 44. Kc2 Rxc3+ 45. Kxc3 Be3 46. Bc2 g5 47. b4 Kf6 48. b5 h5 49. a4 Ra8 50. Kc4 Ke6 51. b6 Rb8 52. a5 Kd6 53. Be4 h4 54. b7 h3 55. Rh2 Kc7 56. Rxh3 1-0

[Event "ITA-ch U20"]
[Site "Tarvisio"]
[Date "2023.07.05"]
[Round "4"]
[White "Mazzi, Leonardo"]
[Black "Agolzer, Luca"]
[Result "1-0"]
[WhiteElo "1753"]
[BlackElo "1899"]
[PlyCount "95"]
[EventDate "2023.07.02"]
[EventType "swiss"]
[EventRounds "9"]
[EventCountry "ITA"]
[SourceTitle "EXT 2024"]
[Source "ChessBase"]
[SourceDate "2023.10.10"]
[SourceVersion "1"]
[SourceVersionDate "2023.10.10"]
[SourceQuality "1"]

1. e4 c5 2. Nf3 d6 3. d4 cxd4 4. Nxd4 Nf6 5. Nc3 a6 6. Rg1 e6 7. g4 d5 8. exd5 Nxd5 9. Nxd5 Qxd5 10. Be3 Bc5 11. Bg2 Qd6 12. Qd2 Nd7 13. 0-0-0 Qb6 14. Rge1 Ne5 15. Nf5 Bxe3 16. Nxg7+ Kf8 17. Qxe3 Qxe3+ 18. Rxe3 Nxg4 19. Rg3 Kxg7 20. Rxg4+ Kf6 21. Rf4+ Ke7 22. Rc4 Rb8 23. Rc7+ Kf6 24. Rd3 Rf8 25. Rf3+ Kg6 26. Rb3 b5 27. Be4+ f5 28. Rg3+ Kf6 29. Bg2 Rf7 30. Rgc3 Rxc7 31. Rxc7 h6 32. Bc6 e5 33. Rh7 Rb6 34. Rh8 Be6 35. Rxh6+ Kf7 36. Bd5 e4 37. Bxe6+ Rxe6 38. Rxe6 Kxe6 39. Kd2 Ke5 40. Ke2 f4 41. a3 Kf5 42. b3 Kg4 43. c4 bxc4 44. bxc4 Kh3 45. c5 Kxh2 46. c6 Kg2 47. c7 e3 48. f3 1-0